| 000 | 00667nam a2200241 4500 | ||
|---|---|---|---|
| 001 | 6067 | ||
| 010 | _a8434533537 | ||
| 021 | _b4756-2002 | ||
| 090 | _a6067 | ||
| 100 | _a20211231d2002 a||y0pory5003 ba | ||
| 200 | 1 |
_aLilo & Stitch _fDisney _gtrad. Elsa Rocha |
|
| 210 |
_aBarcelona _cSalvat _d2002 |
||
| 215 |
_a[44] p. _cmuito il. _d24 cm |
||
| 225 | 2 | _aClube do livro Disney | |
| 606 |
_914 _aLiteratura infantil |
||
| 606 |
_913 _aLiteratura Estrangeira |
||
| 675 |
_a82-93 _vBN _zpor |
||
| 675 |
_a821.1/.8 _vBN _zpor |
||
| 700 |
_aDisney _bWalt _f1901-1966 _94625 |
||
| 702 |
_aRocha _bElsa _93342 |
||
| 801 | 0 |
_aPT _bBMVN _gRPC |
|
| 830 |
_cAna Caetano _d31/12/2021 |
||
| 990 | _cLIVROS | ||